| 000 | 00974cab a2200277 4500 | ||
|---|---|---|---|
| 001 | WB3009-04 | ||
| 008 | 090401t1994 xxu||||| |||| 00| 0 eng d | ||
| 035 | _a(Sirsi) u28811 | ||
| 041 | _aeng | ||
| 245 | _aLipton queries Stanhope sale | ||
| 260 | _c1994 | ||
| 350 | _a0 | ||
| 490 |
_aEstates Gazette _v(9408) 26 February 1994, 46 |
||
| 490 |
_aSunday Times _v27 February 1994, 3:7 |
||
| 520 | _aStuart Lipton is challenging the Bank of Nova Scotia`s sale of a 29.9% share in Stanhope to British Land, claiming pre-emption rights entitling them to purchase the stake. British Land`s main interest is thought to be in Stanhope`s Broadgate Properties. Diagram of Broadgate`s main tenants. | ||
| 650 | _aBRITISH LAND | ||
| 650 | _aBROADGATE | ||
| 650 | _aCITY OF LONDON | ||
| 650 | _aOFFICES | ||
| 650 | _aPRE-EMPTION RIGHTS | ||
| 650 | _aRITBLAT JOHN | ||
| 650 | _aSTANHOPE | ||
| 690 | _aPROPERTY-COMMERCIAL PROPERTY | ||
| 942 | _n0 | ||
| 948 | _c04/03/1997 | ||
| 999 |
_c19381 _d19381 |
||